SIAM journal on control and optimization

Na minha lista:
Detalhes bibliográficos
Formato: Periódico
Idioma:inglês
Publicado em: Philadelphia Society for Industrial and Applied Mathematics 1978
Tags: Adicionar Tag
Sem tags, seja o primeiro a adicionar uma tag!

MARC

LEADER 00000nas2a22000001 4500
001 0019585
005 20250730114404.6
041 0 |a eng 
044 |a US 
245 1 0 |a SIAM journal on control and optimization 
264 1 |a Philadelphia  |b Society for Industrial and Applied Mathematics  |c 1978 
300 |a 1 zv. 
773 0 |w eu_un_cat*0019582